[Event "COL-ch U2200"]
[Site "Villamaria"]
[Date "2019.11.04"]
[Round "4"]
[White "Ojeda, Jesus David"]
[Black "Useche Contreras, Maigel"]
[Result "1-0"]
[WhiteElo "2113"]
[BlackElo "2041"]
[PlyCount "79"]
[EventDate "2019.11.01"]
[EventType "swiss"]
[EventRounds "5"]
[EventCountry "COL"]
[SourceTitle "CBM 193 Extra"]
[Source "ChessBase"]
[SourceDate "2020.01.31"]
[SourceVersion "1"]
[SourceVersionDate "2020.01.31"]
[SourceQuality "1"]

1. d4 d5 2. e3 e6 3. Bd3 c5 4. c3 Nf6 5. f4 a6 6. Nf3 Ne4 7. 0-0 Bd7 8. Bxe4 dxe4 9. Ng5 Bc6 10. Nd2 cxd4 11. cxd4 Qd5 12. Qb3 Qf5 13. Qc2 Nd7 14. Ngxe4 h5 15. Qb1 Rh6 16. Ng5 Qd5 17. Ndf3 f5 18. Qc2 h4 19. h3 Be7 20. Bd2 Rh5 21. a4 Bxg5 22. fxg5 Rxg5 23. Be1 Rg6 24. Bxh4 Nf6 25. Qc5 Qxc5 26. dxc5 0-0-0 27. Rf2 Rd5 28. b4 Ne4 29. Rc2 Nd2 30. Ng5 Rd3 31. b5 axb5 32. axb5 Bxb5 33. Ra8+ Kd7 34. Kh2 Bc6 35. e4 Nxe4 36. Nf7 Rd5 37. Rg8 e5 38. Nh8 Rh6 39. Rxg7+ Ke6 40. Re7# 1-0

[Event "Santander Norte op"]
[Site "Santander"]
[Date "2019.10.13"]
[Round "4"]
[White "Ojeda, Jesus David"]
[Black "Arias, Juan Carlos2222"]
[Result "1-0"]
[WhiteElo "2116"]
[BlackElo "1961"]
[PlyCount "93"]
[EventDate "2019.10.11"]
[EventType "swiss"]
[EventRounds "7"]
[EventCountry "COL"]
[SourceTitle "CBM 192 Extra"]
[Source "Chessbase"]
[SourceDate "2019.11.06"]
[SourceVersion "1"]
[SourceVersionDate "2019.11.06"]
[SourceQuality "1"]

1. c4 e5 2. g3 Nc6 3. Bg2 Nf6 4. Nc3 Be7 5. e3 d6 6. d4 exd4 7. exd4 0-0 8. Nge2 d5 9. Nxd5 Nxd5 10. Bxd5 Nb4 11. Be4 Re8 12. 0-0 Bf6 13. f3 Be6 14. a3 Na6 15. Qd3 Bh3 16. Rd1 Qe7 17. Nf4 Rad8 18. Nd5 Qe6 19. Bxh7+ Kh8 20. Be4 c6 21. Nf4 Bxd4+ 22. Be3 Bxe3+ 23. Qxe3 Qh6 24. Qxa7 Bc8 25. Qf2 Qg5 26. b4 Nc7 27. h4 Qe5 28. Re1 Qc3 29. Qc2 Qd4+ 30. Kh1 Be6 31. Rac1 Qe5 32. Bxc6 Qf6 33. Bxe8 Nxe8 34. Qc3 Qf5 35. Re5 Qf6 36. Nxe6 fxe6 37. Rh5+ Kg8 38. Qxf6 Nxf6 39. Rb5 Rd3 40. Kg2 Rxa3 41. Rxb7 Ra2+ 42. Kh3 Rf2 43. Rc3 e5 44. Re7 Re2 45. b5 Kf8 46. Ra7 e4 47. b6 1-0

[Event "Uni De Paula Santander op 4th"]
[Site "Ocana"]
[Date "2019.08.24"]
[Round "4"]
[White "Martinez, Jorge Alexander"]
[Black "Ojeda, Jesus David"]
[Result "0-1"]
[WhiteElo "2219"]
[BlackElo "2105"]
[PlyCount "56"]
[EventDate "2019.08.23"]
[EventType "swiss"]
[EventRounds "7"]
[EventCountry "COL"]
[SourceTitle "EXT 2020"]
[Source "ChessBase"]
[SourceDate "2019.10.17"]
[SourceVersion "1"]
[SourceVersionDate "2019.10.17"]
[SourceQuality "1"]

1. e4 d5 2. exd5 Qxd5 3. d4 Nf6 4. Nf3 Bg4 5. Be2 e6 6. c4 Qd6 7. Nc3 c6 8. Be3 Nbd7 9. h3 Bh5 10. a3 Rd8 11. b4 Qc7 12. Qb3 Bd6 13. 0-0 0-0 14. Rfc1 Bf4 15. a4 Bxe3 16. fxe3 e5 17. d5 Qb6 18. c5 Nxc5 19. Qc4 Ncd7 20. dxc6 Qxe3+ 21. Kf1 bxc6 22. Nd1 Qh6 23. Nf2 Nb6 24. Qc5 e4 25. Ng1 e3 26. Nd1 Qf4+ 27. Nf3 Ne4 28. Nxe3 Nxc5 0-1

[Event "COL pre olympic sf2"]
[Site "Palmira"]
[Date "2019.06.01"]
[Round "7"]
[White "Martinez, Jorge Alexander"]
[Black "Ojeda, Jesus David"]
[Result "1-0"]
[WhiteElo "2240"]
[BlackElo "2090"]
[PlyCount "125"]
[EventDate "2019.05.29"]
[EventType "swiss"]
[EventRounds "10"]
[EventCountry "COL"]
[SourceTitle "CBM 190 Extra"]
[Source "ChessBase"]
[SourceDate "2019.07.15"]
[SourceVersion "1"]
[SourceVersionDate "2019.07.15"]
[SourceQuality "1"]

1. e4 e5 2. Nf3 Nc6 3. Bb5 a6 4. Ba4 Nf6 5. 0-0 b5 6. Bb3 d6 7. Re1 Be7 8. a4 Rb8 9. axb5 axb5 10. c3 Bg4 11. h3 Bh5 12. Qe2 0-0 13. d3 Ra8 14. Rxa8 Qxa8 15. Nbd2 Na5 16. Bc2 Bg6 17. Nf1 Nh5 18. g4 Nf6 19. Bg5 Qd8 20. d4 exd4 21. Nxd4 c5 22. Nxb5 Qb6 23. c4 Re8 24. f3 d5 25. exd5 Bf8 26. Ne3 Bxc2 27. Qxc2 Nxd5 28. cxd5 Qxb5 29. Kf2 c4 30. h4 Bc5 31. Rd1 Qb8 32. d6 Bxd6 33. Nf5 Bc5+ 34. Kg2 Bf8 35. h5 h6 36. Bh4 Qb5 37. Bf2 Nb3 38. Qc3 Qb4 39. Rd7 Qxc3 40. bxc3 Nc1 41. Rc7 Nd3 42. Bd4 g6 43. hxg6 fxg6 44. Ne3 Nf4+ 45. Kf2 Nd3+ 46. Kf1 Ne5 47. Nd5 Bg7 48. f4 Nf7 49. Ne7+ Kh7 50. Nc6 Bxd4 51. cxd4 Kg8 52. Ne5 Nd6 53. Nxg6 Re4 54. d5 Rd4 55. Ke2 Re4+ 56. Kf3 Rd4 57. f5 Nf7 58. Ke3 Rd3+ 59. Ke4 Rg3 60. Kf4 Rc3 61. Ne5 Ng5 62. f6 Rc1 63. Kf5 1-0

[Event "COL pre olympic sf2"]
[Site "Palmira"]
[Date "2019.05.31"]
[Round "4"]
[White "Ojeda, Jesus David"]
[Black "Martinez Murcia, John Alexander"]
[Result "1/2-1/2"]
[WhiteElo "2090"]
[BlackElo "1839"]
[PlyCount "100"]
[EventDate "2019.05.29"]
[EventType "swiss"]
[EventRounds "10"]
[EventCountry "COL"]
[SourceTitle "CBM 190 Extra"]
[Source "ChessBase"]
[SourceDate "2019.07.15"]
[SourceVersion "1"]
[SourceVersionDate "2019.07.15"]
[SourceQuality "1"]

1. c4 Nf6 2. Nf3 e6 3. g3 d5 4. Bg2 Be7 5. 0-0 0-0 6. Qc2 c5 7. d4 cxd4 8. Nxd4 Nc6 9. Rd1 Bd7 10. cxd5 Nxd4 11. Rxd4 Rc8 12. Nc3 Nxd5 13. Qd1 Bc5 14. Rd3 Qb6 15. Nxd5 exd5 16. e3 Bc6 17. b3 Bb5 18. Rxd5 Bc6 19. Rd3 Bb5 20. Rd5 Bc6 21. Rf5 g6 22. Re5 Rfd8 23. Qg4 Bd6 24. Rg5 Be7 25. Bb2 Bxg5 26. Qxg5 Bxg2 27. Kxg2 Qe6 28. Bd4 b6 29. Qf4 Rc6 30. h4 Rdc8 31. g4 f5 32. Qh6 Qe4+ 33. f3 Rc2+ 34. Kg3 Qe7 35. gxf5 R2c6 36. Rg1 Qf7 37. f6 Rf8 38. h5 Rxf6 39. Bxf6 Qxf6 40. Qf4 Qxf4+ 41. exf4 gxh5 42. Rd1 h4+ 43. Kg4 Rf7 44. f5 Kg7 45. Kf4 Rc7 46. Ke5 Kf7 47. Rh1 Rc5+ 48. Ke4 Kf6 49. f4 Rxf5 50. Rxh4 h5 1/2-1/2